| 000 | 00627nam a2200253 a 4500 | ||
|---|---|---|---|
| 001 | nice12345678 | ||
| 003 | IN_TiNIC | ||
| 005 | 20260116011517.0 | ||
| 008 | 050524s1942 dela grp 000 0 urd | ||
| 020 |
_a _c100 |
||
| 082 | 0 | 0 |
_a641.1 _bKOH |
| 100 | _aKohi, Noor | ||
| 245 | _aRisala Sehat | ||
| 260 |
_aDelhi _bDelhi Printing Press _c1942 |
||
| 300 | _a63p | ||
| 500 | _aincludes index and biblioraphy | ||
| 505 | 2 | _aMeeting of the N C C Nagpur Dec,28,1939-Jan 2,1940 | |
| 650 | _aSufism-Bektashi Order | ||
| 650 | _aHealth Care | ||
| 700 | 1 | _aKohi, Noor | |
| 902 | _bSRS | ||
| 942 | _cBK | ||
| 999 |
_c2175 _d2175 |
||